[Event "Madrid San Viator op-B 29th"]
[Site "Madrid"]
[Date "2017.10.08"]
[Round "4"]
[White "Lavado Pena, David"]
[Black "Garcia Hernandez, Armando"]
[Result "1/2-1/2"]
[WhiteElo "1153"]
[BlackElo "1411"]
[PlyCount "43"]
[EventDate "2017.09.17"]
[EventType "swiss"]
[EventRounds "9"]
[EventCountry "ESP"]
[SourceTitle "EXT 2019"]
[Source "ChessBase"]
[SourceDate "2018.10.10"]
[SourceVersion "1"]
[SourceVersionDate "2018.10.10"]
[SourceQuality "1"]

1. c4 c5 2. Nc3 Nc6 3. g3 b6 4. Bg2 Bb7 5. e3 Rb8 6. Nge2 Ne5 7. Bxb7 Rxb7 8. Nf4 Nf6 9. b3 g6 10. d4 cxd4 11. exd4 Nc6 12. Be3 Bg7 13. Qf3 Qa8 14. d5 Ne5 15. Qd1 d6 16. h3 0-0 17. 0-0 Qc8 18. Rb1 Qf5 19. Rb2 Ne4 20. Nxe4 Qxe4 21. Re2 Nf3+ 22. Kg2 1/2-1/2